100 Biggest Cities of France on a Map - Statistics

General Stats
  • This quiz has been taken 1,994 times
  • The average score is 46 of 100
Answers on the Map
Answers color-coded by a green-red scale on the quiz's map according to % correct below.
 
Answer Stats
Population City % Correct
2,165,423 Paris
98%
522,969 Lyon
97%
870,731 Marseille
97%
342,669 Nice
96%
260,958 Bordeaux
94%
234,475 Lille
93%
287,228 Strasbourg
93%
493,465 Toulouse
93%
318,808 Nantes
91%
139,926 Brest
86%
220,488 Rennes
85%
295,542 Montpellier
84%
168,290 Le Havre
81%
158,002 Dijon
80%
72,509 Calais
77%
181,194 Reims
76%
158,198 Grenoble
75%
105,058 Nancy
75%
86,279 Dunkirk
74%
71,361 Ajaccio
73%
106,230 Caen
72%
118,489 Metz
72%
116,269 Orléans
72%
112,321 Rouen
71%
178,745 Toulon
70%
74,545 Cannes
69%
137,087 Tours
67%
91,143 Avignon
65%
143,847 Le Mans
65%
112,852 Saint-Denis
65%
153,810 Saint-Denis (Réunion)
65%
134,706 Amiens
64%
155,850 Angers
64%
147,865 Clermont-Ferrand
64%
119,344 Perpignan
64%
173,821 Saint-Étienne
64%
84,808 Versailles
64%
145,133 Aix-en-Provence
62%
148,561 Nîmes
62%
108,312 Mulhouse
59%
130,876 Limoges
58%
77,205 La Rochelle
56%
130,721 Annecy
54%
75,627 Pau
53%
117,912 Besançon
51%
65,493 Cayenne
51%
89,212 Poitiers
47%
78,549 Cherbourg-Octeville
46%
68,682 Colmar
45%
61,957 Troyes
44%
63,283 Quimper
43%
152,212 Villeurbanne
41%
98,828 Roubaix
40%
121,583 Boulogne-Billancourt
39%
94,285 Nouméa
37%
64,749 Valence
36%
78,308 Béziers
35%
64,541 Bourges
32%
76,512 Fort-de-France
32%
73,438 Antibes
31%
111,038 Argenteuil
31%
58,917 Chambéry
31%
96,277 Nanterre
30%
71,394 Saint-Nazaire
29%
103,208 Saint-Paul
29%
111,240 Montreuil
28%
98,656 Tourcoing
28%
84,982 Saint-Pierre
27%
93,246 Créteil
24%
61,372 Montauban
24%
59,193 Niort
23%
67,981 Issy-les-Moulineaux
20%
65,911 Cergy
19%
63,748 Ivry-sur-Seine
19%
71,437 Mamoudzou
19%
61,957 Villeneuve-d'Ascq
19%
88,948 Aubervilliers
18%
63,089 Clichy
18%
66,851 Évry
18%
79,824 Le Tampon
18%
72,197 Mérignac
17%
65,245 Pessac
17%
59,599 Neuilly-sur-Seine
16%
86,534 Colombes
14%
67,285 Vénissieux
14%
95,510 Vitry-sur-Seine
14%
62,760 Antony
13%
67,871 Noisy-le-Grand
13%
59,196 Sarcelles
13%
86,969 Aulnay-sous-Bois
12%
81,558 Courbevoie
12%
72,376 Drancy
12%
76,990 Champigny-sur-Marne
11%
62,987 La Seyne-sur-Mer
11%
59,846 Pantin
11%
74,976 Saint-Maur-des-Fossés
11%
87,143 Asnières-sur-Seine
10%
66,082 Levallois-Perret
10%
78,317 Rueil-Malmaison
10%
57,498 Le Blanc-Mesnil
8%
No matching quizzes found
Score Distribution
Percent of People with Each Score
Percentile by Number Answered
Your Score History
You have not taken this quiz